| 000 | 01591cam a22004694i 4500 | ||
|---|---|---|---|
| 003 | PE-LiUPU | ||
| 005 | 20250731173525.0 | ||
| 008 | 150616s1996 xxu rb 000 0 eng d | ||
| 020 | _a0830815295 | ||
| 035 | _a(Sirsi) i9780830815296 | ||
| 040 |
_aPE-LiUPU _bspa _cPE-LiUPU _erda |
||
| 049 | _aPRUA | ||
| 082 | 0 | 4 |
_a231.765 _bR25 _221 |
| 100 | 1 |
_aRatzsch, Delvin Lee, _eautor. |
|
| 245 | 1 | 4 | _aThe Battle of Beginnings. |
| 264 | 1 |
_aIllinois : _bInterVarsity Press, _c1996. |
|
| 300 |
_a248 páginas ; _c23 centímetros |
||
| 336 |
_atext _2rdacontent |
||
| 337 |
_aunmediated _2rdamedia |
||
| 338 |
_avolume _2rdacarrier |
||
| 504 | _aIncluye bibliografía. | ||
| 505 | 0 | _aDarwin: the historical context -- Darwin's theory -- Twentieth-Century creationism -- Creationist theory -- Philosophy of science -- The nature of science. | |
| 526 | _aSEG42 | ||
| 526 | _aSEG41 | ||
| 526 | _aSEG40 | ||
| 526 | _aSEG39 | ||
| 526 | _aP94 | ||
| 526 | _aP87 | ||
| 526 | _aP86 | ||
| 526 | _aP85 | ||
| 526 | _aP77 | ||
| 526 | _aP76 | ||
| 526 | _aP35 | ||
| 650 | 0 | 4 | _aEVOLUCION - ASPECTOS RELIGIOSOS. |
| 910 |
_ajck _bjvq _cjck |
||
| 942 |
_2ddc _cBOOK |
||
| 949 |
_a231.765 R25 _wDEWEY _c1 _i42186 _lCCODEBUL1 _mBUL _r0 _sY _tBOOK _u2015-6-16 _xTEOLOGIA _zUNKNOWN _0COMPRA _o.STAFF. Colección Teología |
||
| 994 |
_aC0 _bPEPRU |
||
| 596 | _a1 | ||
| 999 |
_a231.765 R25 _wDEWEY _c59877 _i42186 _d59877 _f2021-11-9 _g5 _lCCODEBUL1 _mBUL _p20.00 _q1 _r0 _sY _tBOOK _u2015-6-16 _xTEOLOGIA _PP35 _0COMPRA _o.STAFF. Colección Teología |
||
| 980 |
_81 _gALBERTO SANCHEZ Responsable de Automatización |
||